| 000 | 01675nam2a2200253 4500 | ||
|---|---|---|---|
| 001 | RU\NLR\BIBL_A\022707294 | ||
| 005 | 20260210093956.0 | ||
| 010 |
_a978-5-6052498-1-8 _9300 |
||
| 021 |
_aRU _bКН-П-25-072310 _9КН-П-25-7007 |
||
| 035 | _a(NLR Aleph) 022707294 | ||
| 090 |
_a13537164 _c13537164 |
||
| 100 | _a20260122d2025 k y0rusy50 ca | ||
| 101 | 0 | _arus | |
| 102 | _aRU | ||
| 105 | _aa z 000yy | ||
| 200 | 0 | _aЧ. 2 | |
| 210 | _d2025 | ||
| 215 |
_a149, [2] с. _cил., цв. ил., табл. |
||
| 320 | _aБиблиогр.: с. 126-147 | ||
| 461 | 0 |
_1001RU\NLR\BIBL_A\022707289 _12001#$aБиологическое действие низкоинтенсивного лазерного излучения: пути регуляции растительного метаболизма$eмонография$fЛ. В. Дударева$gответственный редактор: доктор биологических наук, профессор В. К. Войников$gРоссийская академия наук, Сибирское отделение, Сибирский институт физиологии и биохимии растений$vЧ. 2 _1700#1$aДударева$bЛ. В.$gЛюбовь Виссарионовна _913552797 _aДударева, Л. В. _cНовосибирск _d2025- _fЛ. В. Дударева _nСО РАН _oмонография _tБиологическое действие низкоинтенсивного лазерного излучения: пути регуляции растительного метаболизма _vЧ. 2 |
|
| 942 | _cBOOK | ||
| 980 | _aNB | ||